| 000 | 01489nam a2200253Ia 4500 | ||
|---|---|---|---|
| 999 |
_c40926 _d40926 |
||
| 001 | 7572 | ||
| 003 | GE_BSU | ||
| 005 | 20231225131604.0 | ||
| 008 | 181216s2013||||ge |||||||||||||| ||geo|| | ||
| 020 | _aISBN 9789941933646 | ||
| 040 | _cGE_BSU | ||
| 041 | _ageo | ||
| 080 | _a821.353.1-82 ფ-55 | ||
| 245 |
_aფილოლოგიური მაცნე I / _cმთ. რედ. რამაზ ხალვაში ; ტომის რედ. ელგუჯა მაკარაძე ; ბათუმის შოთა რუსთაველის სახელმწიფო უნივერსიტეტის ქართული ფილოლოგიის დეპარტამენტი. |
||
| 264 |
_aთბილისი : _bივერიონი, _c2013. |
||
| 300 |
_a152 გვ. ; _c21 სმ. |
||
| 520 | _aინგლისურ ენაზე | ||
| 653 | _aფილოლოგია | ||
| 653 | _aფილოლოგიური მაცნე I | ||
| 700 |
_aხალვაში, რამაზ _eმთ. რედაქტორი _92151 |
||
| 700 |
_aმაკარაძე, ელგუჯა _eტომის რედაქტორი _93521 |
||
| 710 |
_aბათუმის შოთა რუსთაველის სახელმწიფო უნივერსიტეტის _bქართული ფილოლოგიის დეპარტამენტი _920863 |
||
| 942 |
_cBK _2udc |
||